Dutch : A memoir of Ronald Reagan

Provides both the basics and more advanced instructions on speaking, understanding, and writing Dutch

Spremljeno u:
Bibliografski detalji
Glavni autor: Morris, Edmund
Format: Knjiga
Jezik:Undetermined
Izdano: New York Random House, Inc 1999
Teme:
Oznake: Dodaj oznaku
Bez oznaka, Budi prvi tko označuje ovaj zapis!
Thư viện lưu trữ: Trung tâm Học liệu Trường Đại học Cần Thơ
LEADER 00812nam a2200241Ia 4500
001 CTU_171820
008 210402s9999 xx 000 0 und d
020 |c 29.95 
082 |a 973.927092 
082 |b M875/T.2 
100 |a Morris, Edmund 
245 0 |a Dutch : 
245 2 |b A memoir of Ronald Reagan 
245 0 |c by Edmund Morris ; Read by the Author 
260 |a New York 
260 |b Random House, Inc 
260 |c 1999 
520 |a Provides both the basics and more advanced instructions on speaking, understanding, and writing Dutch 
650 |a Presidents, Biography,Reagan Ronald,Tổng thống,Reagan Ronald 
650 |x Fiction,Tiểu sử,Tiểu thuyết 
650 |z United States,Hoa Kỳ 
904 |i Ý 
980 |a Trung tâm Học liệu Trường Đại học Cần Thơ